Príprava výroby súčiastky s využitím systému NX6

Salvato in:
Dettagli Bibliografici
Autore principale: Kováčik, Norbert, 1986- (Autore)
Altri autori: Králik, Marián, 1953- (Relatore della tesi)
Natura: Manoscritto Libro
Lingua:slovacco
Pubblicazione: Bratislava : STU v Bratislave SjF, 2010
Soggetti:
Accesso online:VAIS
Tags: Aggiungi Tag
Nessun Tag, puoi essere il primo ad aggiungerne!!

MARC

LEADER 00000ntm a22000003a 4500
001 stu218860
005 20150617230115.2
008 101207s2010----xo------------------slo-d
040 |a STU  |b slo 
041 0 |a slo 
044 |a xo 
100 1 |a Kováčik, Norbert,  |d 1986-  |4 aut  |u J0070  |U SjF Strojnícka fakulta  |T SjF Ústav výrobných systémov, enviromentálnej techniky a manažment kvality  |X 40861  |U J0070  |Y 804  |7 A000040861 
242 0 0 |a Preparation of part´s production with usage of NX6 system  |y eng 
245 1 |a Príprava výroby súčiastky s využitím systému NX6 
260 |a Bratislava :  |b STU v Bratislave SjF,  |c 2010 
650 7 |a strojárske technológie a materiály  |2 stusub 
650 7 |a Production Processes and Materials  |2 estusub 
650 7 |a skupinová technológia  |2 stusub 
650 7 |a technologický postup  |2 stusub 
700 1 |a Králik, Marián,  |d 1953-  |4 ths  |u J0070  |U SjF Strojnícka fakulta  |T SjF Ústav výrobných systémov, enviromentálnej techniky a manažment kvality  |X 2483  |U J0070  |Y 804  |7 A000002483 
856 4 |a info a plný text  |u http://is.stuba.sk/zp/portal_zp.pl?podrobnosti=74454  |3 VAIS 
996 |b 284J039091  |c J*959/DP  |l JJSK  |s A  |a 24  |w stu218860_0001